1607 1592 1702 1931 1060 1893 1919 1664 1337 1792 1416 1070 1927 1061 1224 1797 1330 1276 1686 1861 1337 1966 1838 1753 1897 1116 1322 1843 1705 1686 1621 1760 1872 1984 1243 1303 1597 1837 1900 1611 1132 1108 1916 1704 1855 1548 1873 1427 1343 1301 1254 1167 1874 1286 1593 1568 1625 1180 1629 1159 1273 1959 1014 1890 1796 1945 1796 1901 1115 1441 1084 1433 1687 1248 1498 1799 1114 1918 1143 1488 1998 1989 1545 1462 1076 1368 1913 1870 1415 1915 1525 1684 1471 1769 1407 1553 1690 1198 1431 BCNSPRNW ULIB Ver.6.0+V

เปลี่ยนเป็นภาษาไทย

Change to English
 แสดงรายละเอียดบรรณานุกรม
  กลับหน้าหลัก

Brief Record : Get Marc (ISO 2709) : E-mail record : QR code < ปิดหน้าต่าง
LEADER : 00000nam 2200000uu 4500
001    13399121899
003     ULIB
008    121213s2549||||th 000 0 tha d
020    ^a974977308X
060 04 ^aWO100^bป364ศ ล.32 2549
245 00 ^aศัลยศาสตร์วิวัฒน์ 32 =^bCurrent practice in colorectalsurgery /^cบรรณาธิการ, ประยุทธ ศิริวงษ์, สมบุญ เจริญเศรษฐมห, ปริญญา ทวีชัยการ
246 30 ^aCurrent practice in colorectal surgery
250    ^aพิมพ์ครั้งที่ 1
260    ^aกรุงเทพฯ :^bกรุงเทพเวชสาร,^c2549
300    ^aก-ช, 430 หน้า :^bภาพประกอบ ;^c22 ซม.
650  2 ^aColorectal Surgery
650  7 ^aศัลยศาสตร์
653    ^aผลงานอาจารย์คณะแพทยศาสตร์ศิริราชพยาบาล
700 0  ^aประยุทธ ศิริวงษ์,^eบรรณาธิการ
700 0  ^aสมบุญ เจริญเศรษฐมห,^eบรรณาธิการ
700 0  ^aปริญญา ทวีชัยการ,^eบรรณาธิการ
945    ^p470^l0^i24846
995    ^aทศพร
999    ^aทศพร เกษรทอง
รายการนี้ยังไม่มีแท็ก
คุณยังไม่ได้ล็อกอิน คุณสามารถมีกิจกรรมร่วมกับเว็บไซต์ได้ แต่ต้องล็อกอินก่อน ::
  ล็อกอิน

รายการสื่อสารสนเทศ

ลำดับที่ ประเภท เลขเรียก/บาร์โค้ด สถานที่ สถานะ
1. วิทยาศาสตร์การแพทย์ และสุขภาพ
วิทยาศาสตร์การแพทย์ และสุขภาพ
WO100 ป364ศ ล.32 2549 ฉ.1 
  Barcode: 24846
ห้องสมุดวิทยาเขตสวรรค์ประชารักษ์
►หนังสือทั่วไป
บนชั้น

รายการใกล้เคียง
    หัวเรื่อง [ศัลยศาสตร์]

BibComment


ยังไม่เคยถูกคอมเมนท์

คอมเมนท์ทรัพยากรรายการนี้
  คอมเมนท์: ศัลยศาสตร์วิวัฒน..


 Copyright 2026. Bcnsprnw @Library